000 00825nam a2200289 a 4500
003 AR-BaBNM
005 20251128210118.0
008 082120s2002 ||||||||||||||000 | spa||
020 _a958-04-2930-8
040 _cAR-BaBNM
100 1 _aKendall, Sarita
245 0 0 _aAl rescate de Omacha
260 _aSantafé de Bogotá
_bNorma
_c1998
300 _a175 p.
_bil.
490 0 _aTorre de papel. Torre amarilla
_vv. 7
500 _aSe recomienda para niños a partir de 11 años
650 4 _aLIBROS PARA NIÑOS
650 4 _aLITERATURA INFANTIL
650 4 _aCOSTUMBRES Y TRADICIONES
653 _aNOVELA DE AVENTURAS
653 _aLITERATURA BRASILEÑA
655 _aLITERATURA
700 1 _aArciniegas, Aurora
_etraductor
700 1 _aRodríguez, Patricia
_eilustrador
942 _cBK
998 _cMARTIN
999 _c14094
_d14094